000 00656cam a22002172 4500
001 0000023293
005 20151217145940.0
008 121019s xx 000 0 eng d
020 _a1882577124 :
040 _aKABU
_cKABU
245 1 4 _aThe politics and law of term limits /
_cEdward H. Crane and Roger Pilon.
250 _a1st ed.
260 _aWashington, D. C. :
_bCato,
_c1994.
300 _a163 p.
650 0 _aTerm of office
_zUnited States. Congress.
_@0000182675
700 1 _aCrane, Edward H.
_@0000182676
700 1 _aPilon, Roger.
_@0000182677
908 _a121019
950 _@1
999 _c4359
_d4359